Canciones oficiales
Збережено в:
| Автор: | |
|---|---|
| Формат: | Книга |
| Мова: | Іспанська |
| Опубліковано: |
Santiago
Universidad Diego Portales
2009
|
| Редагування: | 1a. ed |
| Серія: | Colección Poesía
|
| Предмети: | |
| Теги: |
Додати тег
Немає тегів, Будьте першим, хто поставить тег для цього запису!
|
MARC
| LEADER | 00000cam a2200000 a 4500 | ||
|---|---|---|---|
| 001 | UCG8438 | ||
| 003 | CL-VaPUC | ||
| 008 | 111212e20090800CL |||||||||||||||||spa|d | ||
| 020 | |a 9789563140699 | ||
| 082 | 0 | 4 | |a Ch861 |b CUE |2 21 |
| 100 | 0 | |a Cuevas, José Angel |e author |9 559479 | |
| 245 | 1 | 0 | |a Canciones oficiales |
| 250 | |a 1a. ed | ||
| 300 | |a 197 p | ||
| 942 | |c BK | ||
| 945 | |d 20111212 00:00:00 |a dcastane | ||
| 260 | |a Santiago |b Universidad Diego Portales |c 2009 | ||
| 650 | 0 | |a Poesías chilenas |9 265280 | |
| 650 | 0 | |a Literatura chilena |9 308278 | |
| 583 | |a last modification |c 20111212 13:13:00 |k Rodrigo Vera | ||
| 490 | 0 | |a Colección Poesía | |
| 999 | |c 346048 |d 346046 | ||
| 952 | |0 0 |1 0 |4 0 |6 CH_861_000000000000000_CUE_2009 |7 0 |8 A |9 446521 |a BIBART |b BIBART |d 2019-11-22 |i 4812174 |o Ch861 CUE 2009 |p 4812174 |r 2025-03-13 |w 2019-11-22 |y BK |k ART | ||